Science Quiz

Random Science or Math Quiz

Minute Math (Addition) Quiz Stats

 Plays Quiz Updated Mar 20, 2020

     
Support Sporcle.
Go Orange.
Score 0/50 Timer 01:00
36 Plays Today
Problems Answer % Correct
1+34
76.8%
3+03
76.7%
1+67
76.5%
3+14
76.4%
2+46
76.3%
2+57
76.3%
2+911
76.3%
6+17
76.1%
1+89
76%
5+914
75.9%
4+711
75.8%
2+810
75.8%
3+47
75.7%
5+05
75.6%
6+28
75.5%
4+913
75.4%
2+13
75.4%
1+01
75.1%
0+66
75.1%
5+27
75.1%
6+39
75.1%
3+58
75.1%
5+38
75%
2+35
74.8%
0+99
74.7%
Problems Answer % Correct
0+77
74.6%
5+611
74.5%
6+511
74.5%
3+69
74.5%
3+710
73.9%
5+813
73.8%
6+713
73.7%
4+48
73.6%
6+814
73.2%
7+29
73.2%
7+310
72.9%
4+59
72.8%
4+610
72.8%
7+815
72.3%
0+44
72.3%
0+33
72.2%
7+916
71.7%
8+311
71.4%
9+716
71.3%
8+614
70.4%
9+09
70.3%
0+11
70.2%
8+715
70.2%
9+514
69.8%
9+312
69.3%

From the Vault

Click the Dragon Pokémon (Gen. 1)

by beforever

Gaming 45s
You can click the dragon Pokémon, or try to drag the clickin' Pokémon. It's up to you.
Remove Ads.
Support Sporcle.
Get the best of Sporcle when you Go Orange. This ad-free experience offers more features, more stats, and more fun while also helping to support Sporcle. Thank you for becoming a member.

Show Comments

Extras

Top Quizzes Today


Score Distribution

Your Account Isn't Verified!

In order to create a playlist on Sporcle, you need to verify the email address you used during registration. Go to your Sporcle Settings to finish the process.

Report this User

Report this user for behavior that violates our Community Guidelines.

Details: